[Event "Liberec Region-chT 2223"]
[Site "Czech Republic"]
[Date "2022.11.27"]
[Round "4.5"]
[White "Spinka, Petr"]
[Black "Sic, Vojtech"]
[Result "1/2-1/2"]
[WhiteElo "1926"]
[BlackElo "1684"]
[PlyCount "111"]
[EventDate "2022.10.09"]
[EventType "team-tourn"]
[EventRounds "11"]
[EventCountry "CZE"]
[SourceTitle "EXT 2024"]
[Source "ChessBase"]
[SourceDate "2023.10.10"]
[SourceVersion "1"]
[SourceVersionDate "2023.10.10"]
[SourceQuality "1"]

1. d4 Nf6 2. Nf3 d5 3. e3 Bf5 4. c4 e6 5. Nc3 c6 6. Be2 Nbd7 7. Bd2 Ne4 8. Qb3 Qb6 9. c5 Qxb3 10. axb3 Nxd2 11. Kxd2 Be7 12. b4 b5 13. cxb6 Nxb6 14. Ne5 Bxb4 15. Nxc6 Bxc3+ 16. bxc3 0-0 17. Ra6 f6 18. Rha1 Nc8 19. Nxa7 Nxa7 20. Rxa7 Rxa7 21. Rxa7 Rb8 22. Ra2 Bb1 23. Ra1 Bf5 24. Rc1 Rb2+ 25. Ke1 Kf7 26. c4 dxc4 27. Bxc4 Rb1 28. Rxb1 Bxb1 29. Kd2 Be4 30. f3 Bb7 31. e4 Ke7 32. Ke3 Kd6 33. Kf4 Bc6 34. h4 Be8 35. e5+ fxe5+ 36. dxe5+ Ke7 37. Bd3 h6 38. g4 Bf7 39. g5 hxg5+ 40. Kxg5 Bg8 41. Kg6 Kf8 42. Bc4 Bf7+ 43. Kh7 Bh5 44. f4 Bg4 45. Kg6 Bf5+ 46. Kg5 Kf7 47. Be2 Ke7 48. Bh5 Be4 49. Bg6 Bd5 50. f5 exf5 51. Bxf5 Bc6 52. Kg6 Kf8 53. e6 Kg8 54. Bd3 Be8+ 55. Kf5 Kf8 56. Ke5 1/2-1/2

[Event "Liberec Region-chT 2223"]
[Site "Czech Republic"]
[Date "2022.10.30"]
[Round "2.6"]
[White "Kaplanek, Jan"]
[Black "Spinka, Petr"]
[Result "0-1"]
[WhiteElo "1704"]
[BlackElo "1926"]
[PlyCount "116"]
[EventDate "2022.10.09"]
[EventType "team-tourn"]
[EventRounds "11"]
[EventCountry "CZE"]
[SourceTitle "EXT 2024"]
[Source "ChessBase"]
[SourceDate "2023.10.10"]
[SourceVersion "1"]
[SourceVersionDate "2023.10.10"]
[SourceQuality "1"]

1. e4 c5 2. Nf3 e6 3. d4 cxd4 4. Nxd4 Nf6 5. Nc3 Nc6 6. Be3 Bb4 7. Bd3 d5 8. exd5 Nxd5 9. Qd2 Nxe3 10. fxe3 Nxd4 11. exd4 Qa5 12. 0-0 Bxc3 13. bxc3 0-0 14. Rae1 Qxa2 15. Re5 f5 16. Qe2 Qb2 17. Rc5 Qb6 18. Bc4 Kh8 19. Qe5 Bd7 20. Rc7 Rf7 21. Re1 Raf8 22. Rc5 h6 23. Bb5 Bc8 24. Re3 f4 25. Rh3 Kg8 26. Ba4 Rf5 27. Qc7 Rxc5 28. Qxc5 Qxc5 29. dxc5 Rf5 30. c6 bxc6 31. Bxc6 Rc5 32. Ba4 Bb7 33. Bb3 Bd5 34. Kf2 Kh7 35. c4 Be4 36. g3 Bf5 37. Rh5 g6 38. Rh4 g5 39. g4 gxh4 40. gxf5 Rxf5 41. c3 Rc5 42. Kf3 e5 43. Kg4 Kg6 44. Kxh4 Kf5 45. Kh5 f3 46. Bc2+ e4 47. Bd1 Rxc4 48. Kxh6 Rxc3 49. h4 Rc1 50. Ba4 a6 51. h5 f2 52. Bd7+ Kf6 53. Bh3 f1Q 54. Bxf1 Rxf1 55. Kh7 Kf7 56. Kh6 Rg1 57. Kh7 e3 58. h6 Rh1 0-1